The art of starvation : a story of anorexia and survival /

Bibliographic Details
Main Author: MacLeod, Sheila
Format: Book
Language:English
Published: New York : Schocken Books, 1982
Edition:1st American ed.
Subjects:

MARC

Tag First Indicator Second Indicator Subfields
LEADER 00000pam a2200000 a 4500
001 in00000086687
005 20151008062718.0
008 810922r1982 nyu b 00010 eng
010 |a  81016597  
020 |a 0805238034 
035 |a (OCoLC)07837558 
035 |9 AAK0786AM 
039 0 |a 2  |b 3  |c 3  |d 3  |e 3 
040 |a DLC  |c DLC  |d TXA  |d UtOrBLW 
049 |a TXAM  |c [1272583] 
050 0 0 |a RC552 A5  |b  M3 1982 
082 0 |a 616.85/2  |2 19 
100 1 |a MacLeod, Sheila. 
245 1 4 |a The art of starvation :  |b a story of anorexia and survival /  |c  Sheila MacLeod. 
250 |a 1st American ed. 
264 1 |a New York :  |b Schocken Books,  |c 1982 
264 4 |c ©1981 
300 |a xi, 181 pages ;  |c 21 cm. 
336 |a text  |b txt  |2 rdacontent 
337 |a unmediated  |b n  |2 rdamedia 
338 |a volume  |b nc  |2 rdacarrier 
504 |a Includes bibliographical references. 
600 1 0 |a MacLeod, Sheila. 
650 0 |a Anorexia nervosa  |x Patients  |z United States  |x Biography. 
999 |a MARS 
999 f f |s 7f378167-8ffd-3a59-b693-1d12a0ba1245  |i 28d82ab4-a00f-38f6-a86d-e009619803ce  |t 0 
952 f f |p normal  |a Texas A&M University  |b College Station  |c Sterling C. Evans Library  |d Evans: Library Stacks  |t 0  |e RC552 A5 M3 1982  |h Library of Congress classification  |i unmediated -- volume  |m A14805969484 
998 f f |a RC552 A5 M3 1982  |t 0  |l Evans: Library Stacks